A szocializmusról.
Elmentve itt :
| Szerző: | |
|---|---|
| Adatforrás: | Philobibl |
| Forrásdokumentuma: | Emlékkönyv Berzeviczy Albert írói működésének félévszázados évfordulója ünnepére 102-114.p. p. |
| Dokumentumtípus: | Cikk |
| Nyelv: | magyar |
| Megjelent: |
Pécs.
1925
|
| LEADER | 00368nab a2200109 c 4500 | ||
|---|---|---|---|
| 001 | bibDOK00028735 | ||
| 005 | 20200924122358.4 | ||
| 008 | 060518s1925 xx hun | ||
| 100 | 1 | |a Moór Gyula | |
| 245 | 1 | 2 | |a A szocializmusról. |c Moór Gyula |
| 260 | |a Pécs. |c 1925 | ||
| 773 | 0 | |t Emlékkönyv Berzeviczy Albert írói működésének félévszázados évfordulója ünnepére |g 102-114.p. p. | |